[Event "Centroamericano and Caribe U18 Girls"]
[Site "Merida"]
[Date "2018.05.01"]
[Round "6"]
[White "Ramos Rincones, Jennifer Alexandra"]
[Black "Gonzalez Diaz, Penelope"]
[Result "0-1"]
[WhiteElo "1467"]
[BlackElo "1842"]
[PlyCount "64"]
[EventDate "2018.04.28"]
[EventType "swiss"]
[EventRounds "9"]
[EventCountry "VEN"]
[SourceTitle "EXT 2021"]
[Source "ChessBase"]
[SourceDate "2020.10.23"]
[SourceVersion "1"]
[SourceVersionDate "2020.10.23"]
[SourceQuality "1"]

1. c4 c6 2. d4 d5 3. cxd5 cxd5 4. Nc3 Nc6 5. Nf3 g6 6. Bf4 Bg7 7. e3 a6 8. Bd3 Nf6 9. 0-0 0-0 10. Rc1 Nh5 11. Bg3 Nxg3 12. fxg3 Qd6 13. Qb3 Rd8 14. Rf2 Bh6 15. Re1 e5 16. Nxe5 Nxe5 17. dxe5 Qxe5 18. e4 Be6 19. Qxb7 d4 20. Nd1 f5 21. b3 Bd5 22. Bc4 fxe4 23. Bxd5+ Qxd5 24. Qxd5+ Rxd5 25. Rxe4 Rd6 26. Rc2 Rf8 27. h4 d3 28. Rc7 d2 29. Ree7 Rdf6 30. Rxh7 Rf1+ 31. Kh2 Rxd1 32. g4 Bf4+ 0-1